Musique de Violetta - Mort Subite - Statistiques

Statistiques générales
  • Ce quiz a été pris 2 649 fois
  • Le résultat moyen est 11 sur 18
Answers on the Grid
Answers color-coded by a green-red scale on the quiz's grid according to % correct below.
Underneath it all
Vuelo
En mi mundo
Claroscuro
Mitad y mitad
Yo soy así
Nada ni nadie
Habla si puedes
Dile que si
Ser mejor
Crecimos juntos
Podemos
Siempre Juntos
Mano a mano
Te creo
Cuenta conmigo
Are you ready for the ride ?
Junto a ti
Princesa
Sin fronteras
Voy por ti
A rodar mi vida
Destinada a brillar
Juntos somos mas
Siento
Valiente
On Beat
Supercreativa
Si es por amor
Nuestro camino
 
Statistiques - réponses
Réponse % Correct
Underneath it all
85%
En mi mundo
77%
Ser mejor
75%
Podemos
71%
Yo soy así
70%
Te creo
69%
Habla si puedes
65%
Voy por ti
62%
On Beat
57%
Junto a ti
54%
Juntos somos mas
51%
Destinada a brillar
50%
Si es por amor
50%
Dile que si
49%
Are you ready for the ride ?
48%
Nuestro camino
48%
Crecimos juntos
47%
Supercreativa
45%
Aucun quiz correspondant
Distribution des résultats
% des personnes avec chaque résultat
Percentile par nombre de réponses
Votre historique - résultats
Vous n’avez pas pris ce quiz